=LDR 00000nam 2200000 4500 =001 000596 =005 20250711101258 =035 ##$$a 0010-0725000464 =007 ta =008 250711################b##########0#ind## =020 ##$$a 978-602-437-796-0 =082 ##$$a 398.209 598 =084 ##$$a 398.209 598 ACH r =100 #$$a Achori, Dawud =245 1#$$a Randi dan Hutan Bukit Giri /$c Dawud Achroni =250 ##$$a Cetakan Ketiga =260 ##$$a Jakarta Timur :$b Badan Pengembangan dan Pembinaan Bahasa,$c 2019 =300 ##$$a 20 hlm : $b ilus. ; $c 29,7 cm =650 #4$$a Kesusastraan Anak =600 #4$$a Dongeng Indonesia =856 ##$$a TBM AS SUHADA =990 ##$$a TBM03580358